[Event "Niedersachsen-ch op-C"]
[Site "Verden"]
[Date "2017.01.06"]
[Round "4"]
[White "Schumacher, Klaus"]
[Black "Bischoff, Norbert"]
[Result "1/2-1/2"]
[WhiteElo "1794"]
[BlackElo "1608"]
[PlyCount "60"]
[EventDate "2017.01.05"]
[EventType "swiss"]
[EventRounds "7"]
[EventCountry "GER"]
[SourceTitle "CBM 187 Extra"]
[Source "ChessBase"]
[SourceDate "2018.11.04"]
[SourceVersion "1"]
[SourceVersionDate "2018.11.04"]
[SourceQuality "1"]

1. c4 e6 2. g3 d5 3. cxd5 exd5 4. d4 Nf6 5. Nc3 Be7 6. Bg2 0-0 7. Nf3 c6 8. 0-0 Bg4 9. Ne5 Bf5 10. Qb3 Qc8 11. Re1 Na6 12. a3 Nc7 13. Bd2 Ng4 14. Nxg4 Bxg4 15. Rac1 Qd7 16. Nd1 Ne6 17. Bc3 Bf6 18. e3 Ng5 19. f4 Nf3+ 20. Bxf3 Bxf3 21. Rf1 Be4 22. Nf2 Rfe8 23. Nxe4 Rxe4 24. Bd2 Rae8 25. Rf2 Bd8 26. Qd1 f5 27. Rg2 g6 28. Qf3 Bf6 29. Rf1 R8e7 30. Rc1 Rg7 1/2-1/2

[Event "Niedersachsen-ch op-A"]
[Site "Verden"]
[Date "2015.01.04"]
[Round "5"]
[White "Schumacher, Klaus"]
[Black "Nogatz, Falco"]
[Result "1/2-1/2"]
[WhiteElo "1830"]
[BlackElo "1775"]
[PlyCount "65"]
[EventDate "2015.01.02"]
[EventType "swiss"]
[EventRounds "7"]
[EventCountry "GER"]
[SourceTitle "EXT 2018"]
[Source "ChessBase"]
[SourceDate "2017.10.13"]
[SourceVersion "1"]
[SourceVersionDate "2017.10.13"]
[SourceQuality "1"]

1. c4 f5 2. g3 Nf6 3. Bg2 g6 4. Nc3 Bg7 5. d4 0-0 6. Nf3 d6 7. 0-0 c6 8. Qb3 Qb6 9. Bf4 Na6 10. Na4 Qxb3 11. axb3 Nd7 12. Nc3 e5 13. dxe5 dxe5 14. Be3 e4 15. Nd4 Ndc5 16. Ra3 g5 17. b4 Bxd4 18. Bxd4 Ne6 19. b5 Nxd4 20. bxa6 bxa6 21. Rd1 Rd8 22. e3 Ne6 23. Rxd8+ Nxd8 24. f3 exf3 25. Bxf3 Rb8 26. b3 Kg7 27. e4 Ne6 28. exf5 Nd4 29. Be4 Rxb3 30. Rxb3 Nxb3 31. g4 Nd2 32. Bxc6 Nxc4 33. Ne4 1/2-1/2

[Event "Niedersachsen-ch op-A"]
[Site "Verden"]
[Date "2014.01.03"]
[Round "3"]
[White "Schumacher, Klaus"]
[Black "Ngo, Minh Duc"]
[Result "0-1"]
[WhiteElo "1843"]
[BlackElo "1980"]
[PlyCount "112"]
[EventDate "2014.01.02"]
[EventType "swiss"]
[EventRounds "7"]
[EventCountry "GER"]
[SourceTitle "EXT 2016"]
[Source "ChessBase"]
[SourceDate "2015.10.08"]
[SourceVersion "1"]
[SourceVersionDate "2015.10.08"]
[SourceQuality "1"]

1. e4 c5 2. Nf3 Nc6 3. d4 cxd4 4. Nxd4 g6 5. Bc4 Bg7 6. Nxc6 bxc6 7. 0-0 d6 8. Nc3 Nf6 9. e5 dxe5 10. Qxd8+ Kxd8 11. Rd1+ Kc7 12. f4 e4 13. h3 e6 14. Rb1 Bb7 15. Rd4 Nd5 16. Rxe4 Bxc3 17. bxc3 Nxc3 18. Rxb7+ Kxb7 19. Re1 Rhd8 20. Bb2 Nd5 21. Rb1 Nb6 22. Bd3 Rd5 23. Kf2 Rad8 24. Be5 Ra5 25. Rb2 f5 26. Bc4 Rd2+ 27. Kf3 Ra3+ 28. Rb3 Rxb3+ 29. Bxb3 Nd5 30. a3 Kb6 31. g3 c5 32. Bb2 c4 33. Bxc4 Rxc2 34. Bd4+ Kb7 35. Be2 Ra2 36. Bc5 Kc6 37. Bf8 Nb6 38. Bd1 Rd2 39. Be2 a5 40. Ke3 Ra2 41. g4 Nd5+ 42. Kf3 Rxe2 43. Kxe2 Nxf4+ 44. Kf3 Nxh3 45. gxf5 gxf5 46. Be7 e5 47. Bf6 Kd5 48. a4 Nf4 49. Bd8 Nd3 50. Bxa5 Nc5 51. Bd2 Nxa4 52. Bh6 Nc5 53. Bg5 Ne6 54. Bh6 e4+ 55. Ke2 f4 56. Kf2 Ke5 0-1

[Event "Niedersachsen-ch op-A"]
[Site "Verden"]
[Date "2014.01.02"]
[Round "2"]
[White "Jung, Gerald"]
[Black "Schumacher, Klaus"]
[Result "1-0"]
[WhiteElo "2012"]
[BlackElo "1843"]
[PlyCount "87"]
[EventDate "2014.01.02"]
[EventType "swiss"]
[EventRounds "7"]
[EventCountry "GER"]
[SourceTitle "EXT 2016"]
[Source "ChessBase"]
[SourceDate "2015.10.08"]
[SourceVersion "1"]
[SourceVersionDate "2015.10.08"]
[SourceQuality "1"]

1. d4 d5 2. Bg5 Nf6 3. Nd2 Bf5 4. Bxf6 exf6 5. g3 Qd7 6. Bg2 Nc6 7. c3 Be7 8. b4 Bxb4 9. cxb4 Nxb4 10. Rc1 Nxa2 11. Rc5 c6 12. Qa4 b6 13. Qxc6 Qxc6 14. Rxc6 Nb4 15. Rc1 0-0 16. f3 Nc2+ 17. Kf2 Nxd4 18. g4 Be6 19. e3 Nb5 20. Ne2 Rac8 21. h3 Nd6 22. Nb3 a5 23. Nbd4 Rfe8 24. Nc3 Re7 25. Ndb5 Nc4 26. f4 g6 27. f5 Ne5 28. fxe6 Nd3+ 29. Kg3 Nxc1 30. exf7+ Kxf7 31. Rxc1 Kg7 32. Kf2 Rd7 33. Rd1 Rc5 34. Rd4 h6 35. e4 f5 36. exd5 fxg4 37. hxg4 h5 38. g5 Rf7+ 39. Ke3 Kf8 40. Be4 Kg7 41. Bd3 Re7+ 42. Re4 Rxe4+ 43. Kxe4 Kf7 44. Ke5 1-0

[Event "Lingen op 4th"]
[Site "Lingen"]
[Date "2012.07.21"]
[Round "2"]
[White "Meyer, Stefan"]
[Black "Schumacher, Klaus"]
[Result "1/2-1/2"]
[WhiteElo "1693"]
[BlackElo "1854"]
[PlyCount "114"]
[EventDate "2012.07.20"]
[EventType "swiss"]
[EventRounds "5"]
[EventCountry "GER"]
[SourceTitle "EXT 2013"]
[Source "ChessBase"]
[SourceDate "2012.11.22"]
[SourceVersion "1"]
[SourceVersionDate "2012.11.22"]
[SourceQuality "1"]

1. d4 d5 2. c4 dxc4 3. Nc3 e5 4. d5 Nf6 5. e4 Bc5 6. Bg5 b5 7. Nf3 Nbd7 8. Nxb5 Rb8 9. Nc3 Rxb2 10. Be2 0-0 11. 0-0 h6 12. Bxf6 Qxf6 13. Bxc4 Rb4 14. Bd3 Ba6 15. a3 Rb7 16. a4 Rfb8 17. Nb5 c6 18. dxc6 Qxc6 19. Rc1 Qf6 20. Qc2 Rb6 21. Qb2 Bxb5 22. axb5 a6 23. Qa2 axb5 24. Qb3 Be7 25. Bb1 Rc6 26. Rxc6 Qxc6 27. Ba2 Qg6 28. Qd5 Nc5 29. Nxe5 Qe6 30. Nxf7 Qxd5 31. Bxd5 Kf8 32. Ne5 Bf6 33. Ng6+ Ke8 34. e5 Be7 35. e6 Rb6 36. Rc1 b4 37. Nxe7 Nxe6 38. Nc6 Nf4 39. Re1+ Kf8 40. Nxb4 Rxb4 41. Bc6 Kf7 42. g3 Ne6 43. Bd5 Rb6 44. f4 Kf6 45. Bxe6 Rxe6 46. Rxe6+ Kxe6 47. Kf2 Kf5 48. Kf3 h5 49. h3 g6 50. Ke3 Kf6 51. Ke4 Ke6 52. g4 hxg4 53. hxg4 Kf7 54. Kd5 Ke7 55. g5 Kd7 56. Ke5 Ke7 57. f5 gxf5 1/2-1/2

[Event "Lingen op 4th"]
[Site "Lingen"]
[Date "2012.07.21"]
[Round "3"]
[White "Schumacher, Klaus"]
[Black "Hiller, Simon"]
[Result "0-1"]
[WhiteElo "1854"]
[BlackElo "1983"]
[PlyCount "74"]
[EventDate "2012.07.20"]
[EventType "swiss"]
[EventRounds "5"]
[EventCountry "GER"]
[SourceTitle "EXT 2013"]
[Source "ChessBase"]
[SourceDate "2012.11.22"]
[SourceVersion "1"]
[SourceVersionDate "2012.11.22"]
[SourceQuality "1"]

1. c4 Nf6 2. g3 g6 3. Bg2 Bg7 4. Nc3 0-0 5. d4 d6 6. Nf3 Nc6 7. 0-0 a6 8. a3 Nd7 9. b4 e5 10. e3 Ne7 11. Bb2 exd4 12. exd4 Nb6 13. c5 dxc5 14. dxc5 Nc4 15. Qc1 Nxb2 16. Qxb2 Nd5 17. Rad1 Bxc3 18. Qb3 Be6 19. Rxd5 Bxd5 20. Qxc3 Bxf3 21. Bxf3 c6 22. Be2 Re8 23. Bc4 Qe7 24. Qb3 Rad8 25. Kg2 Kg7 26. Qb2+ Qe5 27. Qb3 Re7 28. a4 Rd2 29. Rb1 Red7 30. Qf3 Qd4 31. Bf1 Rd5 32. g4 h5 33. h3 hxg4 34. hxg4 Rg5 35. Kg3 Rxg4+ 36. Kh3 Rh4+ 37. Kg3 Rxf2 0-1

[Event "Niedersachsen-ch op"]
[Site "Verden"]
[Date "2007.01.05"]
[Round "5"]
[White "Schumacher, Klaus"]
[Black "Duessler, Stefanie"]
[Result "1/2-1/2"]
[WhiteElo "1930"]
[BlackElo "1517"]
[PlyCount "71"]
[EventDate "2007.01.04"]
[EventType "swiss"]
[EventRounds "7"]
[EventCountry "GER"]
[SourceTitle "EXT 2021"]
[Source "ChessBase"]
[SourceDate "2020.10.23"]
[SourceVersion "1"]
[SourceVersionDate "2020.10.23"]
[SourceQuality "1"]

1. e4 e5 2. Nf3 Nc6 3. d4 exd4 4. Nxd4 Bc5 5. Nxc6 bxc6 6. Bd3 Nf6 7. 0-0 0-0 8. Bg5 d6 9. c3 Re8 10. b4 Bb6 11. Qf3 h6 12. Bxf6 Qxf6 13. Qxf6 gxf6 14. Nd2 Kh8 15. Nc4 Rg8 16. Rfe1 Bh3 17. Bf1 a5 18. Nxb6 cxb6 19. Re3 Be6 20. Rd1 Rgd8 21. a3 Rd7 22. f4 axb4 23. axb4 Re8 24. Ra1 Bf5 25. Ra6 Rb7 26. Bd3 d5 27. e5 Bxd3 28. Rxd3 fxe5 29. fxe5 Rxe5 30. Rg3 Kh7 31. Ra8 Re6 32. h3 Rc7 33. Rd8 Rg6 34. Re3 Re6 35. Rxe6 fxe6 36. Re8 1/2-1/2

[Event "Gotha op 8th"]
[Site "Gotha"]
[Date "2006.11.16"]
[Round "8"]
[White "Schumacher, Klaus"]
[Black "Fischer, Gerd"]
[Result "0-1"]
[WhiteElo "1930"]
[BlackElo "2149"]
[PlyCount "78"]
[EventDate "2006.11.13"]
[EventType "swiss"]
[EventRounds "9"]
[EventCountry "GER"]
[SourceTitle "EXT 2008"]
[Source "ChessBase"]
[SourceDate "2007.11.25"]
[SourceVersion "1"]
[SourceVersionDate "2007.11.25"]
[SourceQuality "1"]

1. c4 e6 2. d4 f5 3. Nc3 Nf6 4. g3 d5 5. cxd5 exd5 6. Bg2 c6 7. Nf3 Bd6 8. 0-0 0-0 9. Ne5 Nbd7 10. f4 Qe7 11. a3 a5 12. Re1 Kh8 13. e3 Ne4 14. Qh5 Kg8 15. Bh3 g6 16. Nxg6 Qf7 17. Nxe4 dxe4 18. Qxf5 Qxf5 19. Bxf5 Rxf5 20. Ne5 Nxe5 21. dxe5 Bc5 22. Bd2 Rf8 23. Rac1 Rd8 24. Bc3 Bg4 25. Kg2 Rd3 26. h3 Bf3+ 27. Kf2 h5 28. e6 Rd5 29. g4 hxg4 30. hxg4 Kf8 31. Rg1 Ke7 32. f5 Rg8 33. b4 axb4 34. axb4 Bb6 35. Rg3 Bxg4 36. Rh1 Rxf5+ 37. Ke1 Rf3 38. Rh7+ Kxe6 39. Rh6+ Kd5 0-1

[Event "Gotha op 8th"]
[Site "Gotha"]
[Date "2006.11.14"]
[Round "3"]
[White "Schumacher, Klaus"]
[Black "Kuenne, Lutz Dieter"]
[Result "1-0"]
[WhiteElo "1930"]
[BlackElo "1601"]
[PlyCount "52"]
[EventDate "2006.11.13"]
[EventType "swiss"]
[EventRounds "9"]
[EventCountry "GER"]
[SourceTitle "EXT 2008"]
[Source "ChessBase"]
[SourceDate "2007.11.25"]
[SourceVersion "1"]
[SourceVersionDate "2007.11.25"]
[SourceQuality "1"]

1. e4 c5 2. Nf3 e6 3. d4 cxd4 4. Nxd4 Nf6 5. Bd3 d6 6. 0-0 Be7 7. b3 0-0 8. Bb2 a6 9. c4 Nbd7 10. Nd2 Qc7 11. f4 b6 12. N2f3 Bb7 13. Qe2 Nc5 14. e5 Ne8 15. exd6 Bxd6 16. Ng5 Nxd3 17. Qxd3 Nf6 18. Qg3 Rae8 19. Kh1 h6 20. Nb5 axb5 21. Bxf6 g6 22. cxb5 hxg5 23. Qh3 Bxg2+ 24. Kxg2 Qc2+ 25. Rf2 Qe4+ 26. Kg1 Be5 1-0